Incendios de conventos en España y supresión de misiones y Colegios españoles en ultramar / (Record no. 22529)

MARC details
000 -LEADER
campo de control de longitud fija 00838nam a2200217 i 4500
001 - NÚMERO DE CONTROL
campo de control 22529
003 - IDENTIFICADOR DE NÚMERO DE CONTROL
campo de control ES-MaACL
005 - FECHA Y HORA DE LA ÚLTIMA TRANSACCIÓN
campo de control 20230906152719.0
007 - CAMPO FIJO DE DESCRIPCIÓN FÍSICA--INFORMACIÓN GENERAL
campo de control de longitud fija t|
008 - DATOS DE LONGITUD FIJA--INFORMACIÓN GENERAL
campo de control de longitud fija 021203s1932 sp ||||1| spa d
100 1# - ENTRADA PRINCIPAL--NOMBRE DE PERSONA
Nombre de persona Alonso Getino, Luis G.
9 (RLIN) 20331
245 10 - MENCIÓN DEL TÍTULO
Título Incendios de conventos en España y supresión de misiones y Colegios españoles en ultramar /
Mención de responsabilidad, etc. por Luis G. Alonso Getino.
250 ## - MENCION DE EDICION
Mención de edición 6ª ed.
260 ## - PUBLICACIÓN, DISTRIBUCIÓN, ETC.
Lugar de publicación, distribución, etc. Madrid :
Nombre del editor, distribuidor, etc. [s.n.,
Fecha de publicación, distribución, etc. 1932] (
Fabricante Imp. La Rafa)
300 ## - DESCRIPCIÓN FÍSICA
Extensión 132 p., 4 lám. :
Otras características físicas il., 4 map. ;
Dimensiones 22 cm.
650 #4 - PUNTO DE ACCESO ADICIONAL DE MATERIA--TÉRMINO DE MATERIA
Término de materia o nombre geográfico como elemento de entrada Anticlericalismo-
Subdivisión geográfica España-
Subdivisión cronológica 1931-1939.
9 (RLIN) 164143
650 #4 - PUNTO DE ACCESO ADICIONAL DE MATERIA--TÉRMINO DE MATERIA
Término de materia o nombre geográfico como elemento de entrada Órdenes y congregaciones religiosas-
Subdivisión geográfica España-
Subdivisión cronológica 1931-1939.
9 (RLIN) 164144
650 #4 - PUNTO DE ACCESO ADICIONAL DE MATERIA--TÉRMINO DE MATERIA
Término de materia o nombre geográfico como elemento de entrada Persecuciones religiosas-
Subdivisión geográfica España-
Subdivisión cronológica 1931-1939.
9 (RLIN) 164145
650 #4 - PUNTO DE ACCESO ADICIONAL DE MATERIA--TÉRMINO DE MATERIA
Término de materia o nombre geográfico como elemento de entrada Misiones españolas-
Subdivisión general Historia.
9 (RLIN) 158032
852 ## - LOCALIZACIÓN
Ubicación ES-MaACL
Número de control de estantería A-1055
Sublocalización o colección R.11131
Holdings
Estatus retirado Estado de pérdida Estado de daño No para préstamo Biblioteca de origen Biblioteca actual Ubicación en estantería Fecha de adquisición Fuente de adquisición Total de préstamos Signatura topográfica completa Código de barras Visto por última vez Precio de reemplazo Tipo de ítem Koha
        Biblioteca del Ateneo de Madrid Biblioteca del Ateneo de Madrid Sala Pecera Planta 1 17/01/2008     A-1055 1023192 23/02/2023 23/02/2023 Libro impreso